Aktuality výpočetní techniky 59 Uživatel a počítač v příštím desetiletí

Na minha lista:
Detalhes bibliográficos
Formato: Livro
Idioma:tcheco
Publicado em: Praha Výzkumný ústav matematických strojů 1986
Edição:1. vyd.
Tags: Adicionar Tag
Sem tags, seja o primeiro a adicionar uma tag!

MARC

LEADER 00000nam a2200000 4500
001 c031405
005 20221220070924.0
041 0 |a cze 
044 |a CZ 
245 1 0 |a Aktuality výpočetní techniky 59  |b Uživatel a počítač v příštím desetiletí 
250 |a 1. vyd. 
264 1 |a Praha  |b Výzkumný ústav matematických strojů  |c 1986 
300 |a 104 s.